00310nam a2200097 a 450000500170000000800410001705000210005810000190007924500830009826000310018120140414132058.0110805s19uu xx 00 eng d aM 220.9bO1 1992 aO'niel, Amanda aBiblical Times :bA panoramic view of the lands and peoples of the scriptures. aEngland :bCresent,c1992.